000
00275nam a2200085Ia 4500
008
171024s2000 xx 000 0 und d
245
_a
Iucn- The World Conservation Union : Commission On Environmetal Law
260
_a
Germany
_b
IUCN
_c
2000
650
_a
Environmental law commission
999
_c
110444
_d
110444